About Albert Szent-Györgyi’s poems
Elmentve itt :
| Szerző: | |
|---|---|
| Dokumentumtípus: | Könyv része |
| Megjelent: |
2014
|
| Sorozat: | Szegedi egyetemi tudástár
The intellectual heritage of Albert Szent-Györgyi |
| Kulcsszavak: | Szent-Györgyi Albert, Magyar irodalom - költészet - 20. sz. |
| Tárgyszavak: | |
| Online Access: | http://acta.bibl.u-szeged.hu/36552 |
| LEADER | 00750naa a2200205 i 4500 | ||
|---|---|---|---|
| 001 | acta36552 | ||
| 005 | 20220126154635.0 | ||
| 008 | 161017s2014 hu o 0|| eng d | ||
| 040 | |a SZTE Egyetemi Kiadványok Repozitórium |b hun | ||
| 041 | |a eng | ||
| 100 | 1 | |a Pál József | |
| 245 | 1 | 6 | |a About Albert Szent-Györgyi’s poems |h [elektronikus dokumentum] / |c Pál József |
| 260 | |c 2014 | ||
| 300 | |a 228-237 | ||
| 490 | 0 | |a Szegedi egyetemi tudástár | |
| 490 | 0 | |a The intellectual heritage of Albert Szent-Györgyi | |
| 650 | 4 | |a Bölcsészettudományok | |
| 650 | 4 | |a Nyelvek és irodalom | |
| 695 | |a Szent-Györgyi Albert, Magyar irodalom - költészet - 20. sz. | ||
| 856 | 4 | 0 | |u http://acta.bibl.u-szeged.hu/36552/1/tudastar_002_228-237.pdf |z Dokumentum-elérés |